| 000 | 00423nam a2200145 a 4500 | ||
|---|---|---|---|
| 005 | 20140412111324.0 | ||
| 008 | 001113s19uu xx 00 eng d | ||
| 050 |
_aER _bHa21 1988 |
||
| 100 | _aWing, Helen | ||
| 245 |
_aHappy animals A B C / _cHelen Wing ; illustrated by Racy Helps. |
||
| 260 |
_aNew York : _bCheckboard Press, _c1988. |
||
| 300 | _a[24] p. ; ill. | ||
| 650 | _aLetters of the alphabets | ||
| 999 |
_c104492 _d104492 |
||